The Metaverse: And How It Will Revolutionize Everything /
Saved in:
| Main Author: | |
|---|---|
| Format: | Book |
| Language: | English |
| Published: |
New York:
Liveright Publishing Corporation,
2022
|
| Subjects: | |
| Tags: |
No Tags, Be the first to tag this record!
|
MARC
| LEADER | 00000nam a22000003a 4500 | ||
|---|---|---|---|
| 001 | 0100486 | ||
| 003 | SK-STU | ||
| 005 | 20230206115119.9 | ||
| 007 | ta | ||
| 008 | 230206s ----xo-----e------000-0-----d | ||
| 020 | |a 978-1-324-09203-2 | ||
| 040 | |a STU |b slo | ||
| 041 | 0 | |a eng |h eng | |
| 044 | |a xxu | ||
| 100 | 1 | |a Ball, Matthew |4 aut |r Z6 | |
| 245 | 1 | 0 | |a The Metaverse: |b And How It Will Revolutionize Everything / |c aut. Matthew Ball |
| 260 | |a New York: |b Liveright Publishing Corporation, |c 2022 | ||
| 300 | |a 336 s. | ||
| 650 | 0 | 7 | |a metaverse |
| 996 | |c V* 53474/O-24634 |l VV16 |s P |a 0 |w 0100486_0001 | ||